| 000 | 00623nam a2200205Ia 4500 | ||
|---|---|---|---|
| 005 | 20250508155058.0 | ||
| 008 | 008 250505s9999 xx 000 0 eng d | ||
| 037 | _aTextual | ||
| 040 |
_aFEDL _beng _cFEDL |
||
| 041 |
_aeng _2eng |
||
| 084 |
_a371.426, NCE _qFEDL |
||
| 100 | _aSharma Atmananda | ||
| 245 | 0 | _aResearch report: Available technical potential at the delta level | |
| 245 | 0 | _cNational Council of Educational Research and Training | |
| 300 | _a54p. | ||
| 546 | _aNo. 5 August 1965 | ||
| 700 |
_a Bhatia Shakuntla _9766654 |
||
| 942 |
_cTEXL _h371.426, NCE |
||
| 999 |
_c1353975 _d1353975 |
||